000 00859nam a2200277 i 4500
001 000033464
003 DO-SdBNP
005 20260321073642.0
007 ta
008 110830s1964 dr b r 000 0 spa d
040 _aDO-SdBNP
_bspa
_cBNPHU
_erda
082 4 _a923.133
_bD249B, 1964
_222
100 1 _a Bosch, Juan,
_d1909-2001
_976555
245 1 0 _aDavid :
_bbiografía de un rey /
_cJuan Bosch.
250 _a2a edición
264 _aSanto Domingo :
_bLibreria Dominicana,
_c1964.
300 _a313 p. :
_bmapa ;
_c19 cm.
336 _2rdacontent
_atexto
_btxt
337 _2rdamedia
_asin mediación
_bn
338 _2rdacarrier
_avolumen
_bnc
490 0 _aPensamiento dominicano
590 _aInventariado, 2018/MFF
600 1 4 _aDavid
_cRey de Israel
_d(1000-962 a. c.)
_9533
910 _aValidado. Control de calidad MFF
942 _2ddc
_cLBS1
999 _c32955
_d32955